00583 2200217 4500001002100000008004100021035002000062245004500082100001900127250001000146260003600156300002600192020002200218084001600240520002500256520001400281082001000295650003500305990001200340990001300352INLIS000000000015318 ind  a0010-1222000397 aHasilkan Cuan dari PorangcFebriani A.N. aFEBRIANI, A.N. acet.1 aDepok :bPenebar Swadaya,c2022 a75 hal.: ilus.c23 cm a978-623-225-387-2 a633.6 FEB h aBibliografi : hal.75 aGlosarium a633.6 aTANAMAN LADANG. TANAMAN PORANG a10019 a a10019 b.